000 00876nam a2200277 i 4500
001 000013275
003 DO-SdBNP
005 20240305073652.0
007 ta
008 091123s2005 dr a 000 0 spa d
020 _a9945110519
040 _aDO-SdBNP
_bspa
_cBNPHU
_drda
082 _bG216m
_222
100 1 _aGarcía Escobar, Obdulia
_eautora
_929560
245 1 0 _aMatemáticas 2 :
_beducación media. segundo ciclo de bachillerato, 2do. curso/primer ciclo
_cObdulia García de Escobar
264 _aSanto Domingo :
_bSantillana,
_c2005.
300 _a279 paginas. :
_bilustraciones. ;
_c28 cm.
336 _2rdacontent
_atexto
_btxt
337 _2rdamedia
_asin mediación
_bn
338 _2rdacarrier
_avolumen
_bnc
490 _aSerie Ambar
590 _aInventariado, 2023 / DG
700 1 _aGarcía Cartagena, Manuel
_912067
910 _aDG
942 _2ddc
_cLBS1
999 _c55621
_d55621